Quizzes
Events
Quiz Creation
Community
Videos
Private Events
Remove Ads
Sign In
Join for FREE
Feedback
Dark Mode
Quiz Categories
Sports
Geography
Music
Movies
Television
Just For Fun
Miscellaneous
History
Literature
Language
Science
Gaming
Entertainment
Religion
Holiday
For Kids
Quiz Lab
Recent
Popular Today
Quiz Kudos Today
Editor Picks
Curator Picks
Quizzes by...
Day
Popularity
Type
Ratings
Length
Year
Community
Subscriptions
Recent Discussions
Orange Saloon
Badges
Playlists
Quests
Create
Leaderboards
Showdown
Live 5
Trivia Bingo
Activity
Puzzle Library
Sporcle Events
Private Events
Virtual Trivia
Globe League
Become a Host
Pub Owners
SporcleCon
Opinionation
Our Games
Videos
Blog
Mobile Apps
Partnerships
Remove Ads and Go Orange
Feedback
Gaming
Video Games
Board Games
Card Games
Pokémon
Mario
Nintendo
Minecraft
Console
Toys
Legend of Zelda
Gaming
Video Games
Board Games
Card Games
Pokémon
Mario
Nintendo
Minecraft
Console
Toys
Legend of Zelda
Random Quiz
Search Sporcle
×
Quiz Lab
Quiz Lab
Gaming
Mario
Type in answers that appear in a list
Type in answers that appear in a list
Classic
Best Score? Go Orange.
Mario Characters! Stats
Can you name the Mario Characters?
By
Jayse
10m
40 Questions
400 Plays
400 Plays
400 Plays
Comments
Comments
Give Quiz Kudos
Give Quiz Kudos
-
- Ratings
hide this ad
Replay
Link that replays current quiz
Next Quiz
Link to next quiz in quiz playlist
You Got
0%
They Got
Avg Score
55%
Avg Friend Score
Upgrade to see
Score Distribution
Jump to the score distribution portion of the page
Score
0/40
Timer
10:00
0
Plays Today
% Correct
Mario
97.8%
Luigi
96.5%
Princess Peach
86.8%
Bowser
85.3%
Yoshi
82.5%
Toad
82.5%
Daisy
80.8%
Wario
77.8%
Donkey Kong
73.5%
Waluigi
73%
KoopaTroopa
73%
Bowser Jr.
71.5%
Toadette
70.5%
Diddy Kong
69%
Birdo
67.3%
Goomba
63.8%
Boo
60%
Baby Mario
57%
Baby Luigi
57%
Baby Peach
51.5%
% Correct
Paratroopa
51.3%
Rosalina
50.5%
Dixie Kong
50%
Baby Daisy
49.8%
Dry Bones
49.5%
Shy Guy
46.3%
Funky Kong
44.5%
Toadsworth
40%
King Boo
37.8%
Blooper
34%
Paragoomba
33.3%
Magikoopa
31.8%
Wiggler
30.3%
Petey Piranha
29%
Lakitu
23.3%
Tiny Kong
22.3%
King K. Rool
19.5%
Pianta
14.8%
Noki
13.3%
Dry Dowser
9.3%
Quiz Playlist
Details
Report
Send in Message
Add To Playlist
Classic:
Type in answers that appear in a list
Last Updated: Feb 16, 2017
Quiz Scoreboard
CHALLENGE
Sign Up to Join the Scoreboard
Show All
Scores
Hide
Comments
May contain spoilers
Recently Published
Presidents Visiting Landmarks
by Hejman
History
7m
An Introduction to Baseball
by treessimontrees
Sports
5m
Movies - When Are They Set?
by FPL_Elf
Movies
5m
More to Explore
Quiz From the Vault
Featured Blog Post
Where Did the Easter Bunny Come From?
hide this ad
You Might Also Like...
Tags
Mario Quiz
Character
Today's Top Quizzes in Gaming
Browse Gaming
hide this ad
Today's Top Quizzes in Mario
Browse Mario
Top Contributed Quizzes in Gaming
1
5-to-1: Consoles
2
7-to-1: Board Game Piece Blitz
3
5-to-1: Legend of Zelda
4
Destiny 2 exotic weapons by perk icons
5
Ultimate Genshin Impact Logic Puzzle (up to 4.3)
6
Franchise by Action Figure
7
Overwatch Logic Puzzle
8
Who's on the WWE 2K24 Cover?
9
Genshin Impact Logic Puzzle Quiz
10
Windmill: Pokémon
Explore More
Trending Topics
Crossword
NBA
Kpop
Disney
Marvel
Harry Potter
Anime
Puzzle
NFL
Soccer
WWE
Song
The Office
Country
Pokémon
hide this ad
More By:
Jayse
Quiz
Plays
Rating
Category
Featured
Created
Mario Characters!
400
1.29
Gaming
Oct 19, 2010
Go to Creator's Profile
Score Distribution
Quiz Creator Spotlight
Jayse
Follow
Send a Message
Quizzes Created
-
Created Quiz Play Count
-
More By This Creator
Popular Quizzes Today
1
Find the US States - No Outlines Minefield
2
Find the Countries of Europe - No Outlines Minefield
3
The Countries of the World
4
Find the US States
5
Popular People in 1961
6
US States
7
Risky Map Clicking: Biggest States A-Z
8
1-10 Letter E Words III
More Gaming Quizzes
In the Middle: Video Game Series Release Date
Editor's Pick
Trending Quizzes
Risky Map Clicking: Least Populous States A-Z
1-10 Letter G Words
1-10 Letter F Words
One Thing in Common: United Kingdom
Risky Map Clicking: Next State Alphabetically
Recently Updated
Leaping Animals
pecheneg
Reality TV Shows (A-Z)
bhenderson79
Rickey Henderson's Hall of Fame Teammates
pecheneg
Champions League XIs: Arsenal
pecheneg
Quick Pick: Celebrities in WWE's Hall of Fame
aduchscher
A-Z Keypad Blitz II
pecheneg
Multiple Oscar Actors
pecheneg
Mystery Phrase Blitz: Oscar 'Best Actors'
pecheneg
F. Scott Fitzgerald Novels
LTH
Pick 3 Villains
ddd62291
Trending Topics
Harry Potter
Marvel
Kpop
NBA
Crossword
Disney
Anime
Soccer
Country
Pokémon
WWE
The Office
Song
NFL
Puzzle
Your Account Isn't Verified!
In order to create a playlist on Sporcle, you need to verify the email address you used during registration. Go to your
Sporcle Settings
to finish the process.
Report this User
Report this user for behavior that violates our
Community Guidelines
.
Details:
Send Report
Go to the Sporcle.com Mobile Site →
Comments